[Event "Wch U12"]
[Site "Maribor"]
[Date "2012.11.15"]
[Round "8.22"]
[White "Vogel, Roven"]
[Black "Elancheralathan, P."]
[Result "1/2-1/2"]
[WhiteElo "1984"]
[BlackElo "1830"]
[PlyCount "83"]
[EventDate "2012.11.08"]
[EventType "swiss"]
[EventRounds "11"]
[EventCountry "SLO"]
[SourceTitle "EXT 2013"]
[Source "ChessBase"]
[SourceDate "2012.11.22"]
[SourceVersion "1"]
[SourceVersionDate "2012.11.22"]
[SourceQuality "1"]

1. d4 Nf6 2. c4 e5 3. dxe5 Ne4 4. Nf3 Nc6 5. Nbd2 Bb4 6. a3 Bxd2+ 7. Bxd2 Nxd2 8. Qxd2 Qe7 9. g3 Nxe5 10. Nxe5 Qxe5 11. Bg2 d6 12. 0-0 0-0 13. e3 Rb8 14. b4 Bd7 15. Rac1 Rfd8 16. Rfe1 Bc6 17. Bd5 g6 18. Qd4 Qxd4 19. exd4 Bxd5 20. cxd5 Rd7 21. Kg2 Kf8 22. Kf3 Re8 23. Re3 Rxe3+ 24. fxe3 a6 25. g4 f6 26. e4 h6 27. Ke3 Kg7 28. a4 Re7 29. Kf4 Kf8 30. h4 Rf7 31. h5 Kg7 32. hxg6 Kxg6 33. b5 axb5 34. axb5 b6 35. Ra1 Rd7 36. Ra8 Re7 37. Rc8 Rg7 38. Re8 Kf7 39. Rh8 Kg6 40. Ra8 Re7 41. Ra1 Rf7 42. Ra8 1/2-1/2